Microeconomics (Record no. 41245)

MARC details
000 -LEADER
fixed length control field 00361nam a2200133Ia 4500
008 - FIXED-LENGTH DATA ELEMENTS--GENERAL INFORMATION
fixed length control field 240719s9999 xx 000 0 und d
041 ## - LANGUAGE CODE
Language code of text/sound track or separate title eng
082 ## - DEWEY DECIMAL CLASSIFICATION NUMBER
Classification number 338.5 MAN
100 ## - MAIN ENTRY--PERSONAL NAME
Personal name Mankiw Gregory N.
245 ## - TITLE STATEMENT
Title Microeconomics
260 ## - PUBLICATION, DISTRIBUTION, ETC.
Place of publication, distribution, etc. New Delhi
Name of publisher, distributor, etc. Cengage Learning
Date of publication, distribution, etc. 2017
300 ## - PHYSICAL DESCRIPTION
Extent 423.; P. 28 Cm
520 ## - SUMMARY, ETC.
Summary, etc. Gifted By : IMT Faculty Prof. Sayan Banerjee
Holdings
Withdrawn status Lost status Damaged status Not for loan Home library Current library Shelving location Date acquired Full call number Barcode Date last seen Price effective from Koha item type Public note
        IMTN IMTN Rack 10-B 05/25/2023 338.5 MAN 32940 07/19/2024 07/19/2024 Books Gifted
Designed & Maintained by: LRC IMT Nagpur Contact: lrc@imtnag.ac.in© 2024. All Rights Reserved.